Datum a čas kvízu
28.5
Celkem bodů
Celkový počet nahraných bodů na tomto kvízu bez doplňovacích otázek.
5.
Pořadí na kvízu
Konečné umístění týmu na tomto kvízu.
Zaznamenané odpovědi
| # | Otázka | Odpověď | Body | Výsledky |
|---|---|---|---|---|
| 1. | Někteří senátoři chtějí ve Va... | lavička s popelníkem | 0 | |
| 2. | Na Slovensku byl přetřásán stř... | Ministerstvo životního prostředí | 0 | |
| 3. | Nejvíce nominací na hudební Ce... | Vladimír Mišík | 0 | |
| 4. | Aféra s předraženou zakázkou n... | hackathon | 0 | |
| 5. | Čínská tenistka Wang Čhiang, 2... | Serenu Williamsovou | 1 | |
| 6. | Jelikož se o ostrovech zmiňuje... | D | 1 | |
| 7. | Nyní se podíváme na souostroví... | Země Františka Josefa | 1 | |
| 8. | Za jistou formu "ostrova" se d... | B C | 1 | |
| 9. | Ostrovačice v okrese Brno-venk... | Amerika | 1 | |
| 10. | Jak se jmenoval německý patolo... | Paul Langerhans | 0 |